=LDR 00000nam 2200000 4500 =001 INLIS000000000019396 =005 20130612114448 =008 ***********************************Ind** =035 ##$$0010-061300000019396 =041 ##$$a Ind =082 ##$$a 400 =090 ##$$a 400, Suy p =100 ##$$a Suyatno =245 ##$$a Permainan pendukung pembelajaran bahasa dan sastra, Suyatno =260 ##$$a 2005 $b Jakarta =300 ##$$a xiii, 148 hlm, 22 cm =650 ##$$a Bahasa dan Sastra =850 ##$$a NBPNMAT